000 01829nam a22004457a 4500
003 CHAP
005 20220329143238.0
008 070904s2007 mx r 00010 spa d
010 _a93867
011 _a94839
035 _a105438
040 _cCHAP
090 _aTesis
100 0 0 _aEspinosa García, Norma.
_937937
245 1 0 _aValidación y simulación estadística de métodos para el muestreo de Copturus aguacatae Kissinger, Conotrachelus persea Barber y C. aguacatae, plagas del aguacate (Persea americana Mill), en Tingüindin, Michoacán, Mexico
_c/por Norma Espinosa García
260 _aChapingo, Méx. :
_bEl autor,
_c2007
502 _aTesis (M.C. en Protección Vegetal ) -- UACH. Departamento de Parasitología Agrícola
530 _aTambién disponible en línea
590 _aALEPH
_b10
_c20130110
_lUCH01
_h1519
590 _aBATCH-UPD
_b10
_c20130110
_lUCH01
_h0203
590 _aBATCH-UPD
_b10
_c20130110
_lUCH01
_h1214
590 _aBATCH-UPD
_b10
_c20130409
_lUCH01
_h2213
590 _aBATCH-UPD
_b10
_c20130410
_lUCH01
_h0918
590 _aBATCH-UPD
_b10
_c20130913
_lUCH01
_h2307
590 _aBATCH-UPD
_b10
_c20140324
_lUCH01
_h1503
590 _aBATCH-UPD
_b10
_c20141002
_lUCH01
_h0834
590 _aCONVERSION
_b10
_c20130109
_lUCH01
_h1352
650 0 4 _aMuestreo estadístico.
_979288
650 1 4 _aAguacate
_xEnfermedades.
_92510
650 1 4 _aAguacate
_xMichoacán.
_92535
650 1 4 _aAguacate
_xPlagas.
_92543
650 1 4 _aConotrachelus aguacatae.
_927253
650 1 4 _aCopturus aguacatae.
_927910
856 _3Finding aid
_uhttp://10.13.5.2/tesis/105438.pdf
_zTeclea aqui
901 _aBK
905 _aLuisgm
942 _cFOLL
949 _aTesis
_bBC
_cTES
_d33724002032652
_eTS1
_gDonaciØn
_h46905
_i105438
_sb
949 _aTesis
_bBC
_cTES
_d33724002032694
_eTS2
_fc.2
_gDonaciØn
_h46906
_i105438
_si
999 _c93867
_d93867